[Event "1st Archibald 2019"]
[Site "Sochi"]
[Date "2019.05.16"]
[Round "6.6"]
[White "Rakhmanov, Aleksandr"]
[Black "Tsydypov, Zhamsaran"]
[Result "1/2-1/2"]
[WhiteElo "2629"]
[BlackElo "2546"]
[Annotator "TA"]
[PlyCount "103"]
[EventDate "2019.05.12"]
[EventType "swiss"]
[EventCountry "RUS"]
[SourceTitle "playchess.com"]
[Source "ChessBase"]
[SourceQuality "1"]

{[%evp 12,103,33,20,32,12,9,9,32,29,22,-9,0,-20,-10,-13,0,0,-9,-16,-14,-10,0,0,0,0,0,0,0,0,0,-20,-20,-29,-25,-27,-34,-21,-21,-30,-36,-31,-20,-43,-23,-73,-72,-74,-61,-81,-72,-72,-72,-72,-72,-72,-39,-77,-77,-130,-128,-125,-77,-77,-77,-77,-77,-77,-77,-83,-83,-91,-8,-33,-8,-8,-8,-8,-8,-8,-7,-8,-7,-8,0,-32,-8,-171,-171,-171,-172,-351,-55,-68]} 1. Nf3 Nf6 2. g3 d5 3. Bg2 c6 4. c4 e6 5. b3 Bd6 6. Bb2 Nbd7 7. d4 b5 {E01: Catalan: Early deviations} (7... O-O 8. O-O b5 9. Nbd2 a5 10. Qc2 bxc4 11. bxc4 Ba6 12. Rfe1 Rb8 13. c5 Bc7 14. Bc3 Qe7 15. e4 dxe4 16. Nxe4 Bc4 17. Nxf6+ Nxf6 {½-½ (35) Timman,J (2541)-Spoelman,W (2573) Amstelveen 2018}) 8. Nbd2 bxc4 $146 ({Predecessor:} 8... O-O 9. O-O a5 10. Ne5 bxc4 11. bxc4 Ba6 12. Bc3 Bxe5 13. dxe5 Ng4 14. cxd5 exd5 15. Nf3 Re8 16. Qd4 Ngxe5 17. Nxe5 Rxe5 {0-1 (37) Fingerov,D (2365)-Zherebukh,Y (2432) Odessa 2008}) 9. bxc4 Ba6 {The position is equal.} 10. Qa4 Qc8 11. c5 Be7 12. Qd1 Rb8 13. Bc3 Ne4 14. Nxe4 dxe4 15. Ne5 Nxe5 16. dxe5 Bxc5 17. Bxe4 O-O 18. O-O Bb4 19. Qc2 Bxc3 20. Qxc3 Bxe2 21. Bxh7+ {[%mdl 64] [#] Decoy} Kxh7 22. Qc2+ {[%mdl 64] Double Attack} Kg8 23. Qxe2 Rd8 24. Rac1 Rd5 25. Rc4 Qc7 26. Re1 Rbb5 {[%cal Rd5e5]} 27. Re4 Qa5 28. h4 Rd2 29. Qf3 Rxa2 ({Much worse is} 29... Qxa2 30. Rf4 $11) 30. Rc1 Rxe5 31. Rxe5 Qxe5 32. Rxc6 $17 {[%mdl 4096] Endgame KQR-KQR} g6 33. Kg2 a5 34. Rc4 Ra1 35. Rc8+ (35. Kh2 $142) 35... Kg7 36. Qa8 Ra2 37. Rg8+ Kh7 38. Rf8 {[#]} Qf6 $1 {[%cal Rf6f2]} 39. Qf3 Qxf3+ 40. Kxf3 {KR-KR} Kg7 41. Ra8 a4 (41... Ra3+ $17 42. Ke4 Ra2) 42. g4 $11 a3 43. g5 Ra1 44. Kg2 e5 {Black wants to play ...a2.} 45. Kh2 a2 46. Kg2 Kh7 47. Kh2 Kg7 48. Kg2 f5 {aiming for ...f4.} 49. gxf6+ $2 (49. Ra7+ $11 {and White is okay.} Kf8 50. Ra8+ Kf7 51. Ra7+ Ke8 52. Ra8+ Kf7 53. Ra7+ Kg8 54. Ra8+ Kh7 55. Ra7+ Kg8 56. Ra8+ Kh7 57. Ra7+ Kg8) 49... Kxf6 $19 {Hoping for ...e4.} 50. f3 Kg7 {Threatens to win with ...Kf6.} 51. Ra6 $2 (51. Ra3 {was worth a try.}) 51... Kh6 $2 (51... Kf7 $19 {And now ...Ke7 would win.} 52. Kh2 Ke7) 52. Ra7 {Accuracy: White = 50%, Black = 51%.} 1/2-1/2

[Event "1st Archibald 2019"]
[Site "Sochi"]
[Date "2019.05.16"]
[Round "6.7"]
[White "Eraschenkov, Denis"]
[Black "Esipenko, Andrey"]
[Result "0-1"]
[WhiteElo "2391"]
[BlackElo "2620"]
[Annotator "TA"]
[PlyCount "140"]
[EventDate "2019.05.12"]
[EventType "swiss"]
[EventCountry "RUS"]
[SourceTitle "playchess.com"]
[Source "ChessBase"]
[SourceQuality "1"]

{[%evp 26,140,16,-27,14,21,14,12,36,43,68,66,87,40,51,37,60,39,33,35,66,56,62,47,45,53,60,43,57,52,63,63,63,41,74,80,78,73,140,121,162,89,97,87,97,90,91,87,112,112,183,162,164,148,351,351,316,302,289,307,443,373,348,232,215,209,491,491,560,392,366,320,512,520,483,432,421,420,396,418,417,340,410,415,423,422,413,393,509,183,187,186,188,10,10,10,10,10,10,10,10,-198,-197,-212,-205,-197,-197,-183,-183,-4132,-3796,-3600,-3453,-865,-1311,-1743,-855]} 1. e4 e5 2. Nf3 Nc6 3. Bb5 a6 4. Ba4 Nf6 5. O-O Be7 6. Re1 b5 7. Bb3 O-O 8. c3 d6 9. h3 Bb7 10. d4 Re8 11. Nbd2 Bf8 12. a4 h6 13. d5 Ne7 14. c4 Qd7 {C92: Closed Ruy Lopez: 9...Be6, Karpov and Flohr-Zaitsev Variations} 15. Bc2 c6 16. b3 bxc4 $146 {The position is equal.} ({Predecessor:} 16... b4 17. dxc6 Bxc6 18. Nf1 Qb7 19. Ng3 Nd7 20. Be3 Rad8 21. a5 Nc5 {1-0 (88) Moiseenko,V (2554)-Mikaelyan,A (2495) Yerevan 2018}) 17. bxc4 (17. Nxc4 cxd5 18. Nb6 Qc6 $17) 17... c5 18. a5 Qc7 19. Nf1 Ng6 20. N3h2 Reb8 21. Bd2 Bc8 22. Ne3 Be7 23. Nf5 Bd8 24. Qc1 Nh7 25. Bc3 Bf6 26. Ng4 Bg5 27. Qd1 h5 28. Nh2 h4 $1 29. g3 Ngf8 30. Nf3 hxg3 31. fxg3 g6 (31... Bf6 $142) 32. h4 $16 Bf6 33. Ne3 (33. Nh6+ $18 Kh8 34. Rf1) 33... Bg7 34. Nh2 Nf6 35. Qf3 Qe7 36. g4 N6h7 37. Qg3 Bh6 (37... Nf6 $16) 38. g5 $18 Bg7 39. Re2 Rb4 $2 (39... f6 $16) 40. Bxb4 cxb4 41. c5 dxc5 42. Bb3 c4 (42... Kh8 $142 43. Nhg4 f6 44. gxf6 Bxf6) 43. Bxc4 Qc5 44. Kh1 Qd4 45. Rf1 Ra7 $2 (45... Qxe4+ {was called for.} 46. Qf3 Qxf3+ 47. Nxf3 (47. Rxf3 f5 $16) 47... Rb8) 46. Qf3 Qc5 47. Nhg4 Qxa5 48. d6 Ne6 (48... Be6 {keeps fighting.} 49. Rd2 Rd7) 49. Nd5 Qd8 50. Ne7+ Rxe7 51. dxe7 Qxe7 52. Nf6+ Bxf6 53. gxf6 Qd8 {intending ...Nf4.} 54. Bxe6 Bxe6 55. h5 g5 {With the idea ...Bc4.} 56. Rg2 Qf8 57. Qg3 $2 (57. Rd1) 57... Qh6 58. Qxe5 {Threatens to win with Rd2.} Bh3 59. Rxg5+ $2 (59. Qb8+ $1 $18 Nf8 60. Rd1 (60. Qxb4 Bxg2+ 61. Kxg2 Qxh5 $11) 60... Bxg2+ 61. Kxg2 Qxf6 62. Rd8 (62. Qxb4 Ne6 $11) 62... Qb2+ 63. Kh3 Qb3+ 64. Kg4 $1 {[%mdl 512]} Qe6+ 65. Kxg5 Qe7+ 66. Kf4) 59... Nxg5 $11 {[#]} (59... Qxg5 $2 {[#] perishes.} 60. Rg1 $1 $18 {[%mdl 512]}) 60. Rg1 $1 {[%mdl 512]} Bg4 $1 61. Qb8+ {[#]} Kh7 $1 62. Rxg4 {Hoping for Qf4.} Qxf6 {[%mdl 4096] Endgame aiming for ...Qf1+. KQR-KQN} 63. Rf4 $2 (63. Qf4 $1 $11 {and White stays safe.} Qxf4 64. Rxf4) 63... Qc3 $19 {White must now prevent ...b3.} 64. Rf5 Qe1+ {[%mdl 64] Double Attack} 65. Kh2 Qh4+ 66. Kg1 Qxe4 67. Rf1 $2 (67. Rxg5 Qe3+ 68. Kh2 Qxg5 69. Qxb4) 67... Nh3+ {Black is clearly winning.} 68. Kh2 Qe2+ {[%mdl 64] Double Attack} 69. Kxh3 Qxf1+ 70. Kg4 Qc4+ {Accuracy: White = 51%, Black = 48%.} (70... Qg2+ $142 71. Kh4 f5 72. Qxb4 Qe4+ 73. Qxe4 fxe4 74. Kh3 a5 75. Kg3 a4 76. Kg4 a3 77. Kg3 a2 78. Kf4 a1=Q 79. Kxe4 Qd1 80. Ke3 Kh6 81. Ke4 Kxh5 82. Ke5 Qd3 83. Kf4 Kg6 84. Ke5 Qc4 85. Kd6 Kf6 86. Kd7 Qc5 87. Kd8 Ke6 88. Ke8 Qe7#) 0-1

[Event "1st Archibald 2019"]
[Site "Sochi"]
[Date "2019.05.16"]
[Round "6.8"]
[White "Gritsayeva, Oksana"]
[Black "Bocharov, Dmitry"]
[Result "0-1"]
[WhiteElo "2383"]
[BlackElo "2530"]
[Annotator "TA"]
[PlyCount "52"]
[EventDate "2019.05.12"]
[EventType "swiss"]
[EventCountry "RUS"]
[SourceTitle "playchess.com"]
[Source "ChessBase"]
[SourceQuality "1"]

{[%evp 20,100,60,24,34,29,33,28,27,16,19,11,15,-28,-31,-14,-27,-35,-38,-43,-41,-47,-54,-44,-43,-112,-112,-112,-113,-114,-99,-120,-115,-144,-126,-126,-128,-157,-154,-162,-154,-154,-155,-155,-148,-158,-153,-175,-182,-181,-183,-189,-189,-284,-239,-384,-296,-287,-288,-281,-289,-261,-281,-435,-435,-410,-418,-468,-506,-476,-476,-511,-500,-559,-559,-546,-531,-646,-649,-1046,-971,-2105,-2031]} 1. d4 Nf6 2. c4 g6 3. Nc3 Bg7 4. e4 d6 5. f4 O-O 6. Nf3 c5 7. Be2 cxd4 8. Nxd4 Nc6 9. Be3 Nxd4 10. Bxd4 Bd7 11. O-O Bc6 {B38: Sicilian: Maroczy Bind with 5...Bg7 and 7...0-0} 12. Qd3 a6 $146 ({Predecessor:} 12... Nd7 13. Bxg7 Kxg7 14. b3 Qa5 15. Rae1 Rae8 16. Bf3 Kg8 17. Re2 a6 18. h4 b5 {1-0 (31) Ragger,M (2632)-Mamedov,R (2659) Dubai 2014}) 13. Qe3 Nd7 {White has an edge.} 14. Bxg7 Kxg7 15. Nd5 e5 16. fxe5 Bxd5 17. exd5 Nxe5 18. c5 Re8 19. Rf2 Kg8 20. Qd4 dxc5 21. Qxc5 Rc8 22. Qb4 (22. Qd4 $15) 22... Qxd5 $17 23. Rd1 Qc6 24. h3 Rcd8 {[#] And now ...Rxd1+ would win.} 25. Rdf1 Rd7 26. Qh4 Qb6 {Played: Qc6-c5} 0-1

[Event "1st Archibald 2019"]
[Site "Sochi"]
[Date "2019.05.16"]
[Round "6.9"]
[White "Lugovskoy, Maxim"]
[Black "Makoveev, Ilya"]
[Result "0-1"]
[WhiteElo "2445"]
[BlackElo "2290"]
[Annotator "TA"]
[PlyCount "98"]
[EventDate "2019.05.12"]
[EventType "swiss"]
[EventCountry "RUS"]
[SourceTitle "playchess.com"]
[Source "ChessBase"]
[SourceQuality "1"]

{[%evp 10,98,16,1,21,-58,-68,-64,-73,-74,-82,-85,-77,-85,-70,-69,-73,-112,-97,-126,-101,-119,-125,-166,-113,-184,-189,-184,-193,-187,-207,-188,-215,-285,-297,-288,-315,-398,-383,-393,-377,-452,-395,-487,-476,-477,-458,-435,-439,-445,-436,-436,-420,-487,-490,-534,-533,-526,-527,-511,-495,-486,-487,-499,-499,-491,-491,-483,-470,-543,-544,-538,-534,-605,-605,-605,-605,-718,-710,-710,-668,-29991,-29985,-29985,-29986,-29986,-29987,-29988,-29989,-29989,-29990]} 1. e4 c5 2. c3 Nf6 3. e5 Nd5 4. Nf3 Nc6 5. Bc4 Nb6 6. Bb3 d6 {B22: Sicilian: 2 c3} (6... c4 7. Bc2 d6 8. exd6 Qxd6 9. O-O Bg4 10. Re1 e6 11. b3 Be7 12. Na3 cxb3 13. axb3 Qd7 14. Nc4 Nxc4 15. bxc4 O-O 16. d4 Rfd8 17. Be4 {½-½ (49) Zhigalko,S (2604)-Carlsen,M (2835) St Petersburg 2018}) 7. e6 (7. exd6 $11 c4 8. Bc2) 7... Bxe6 $15 8. Bxe6 fxe6 {Black is slightly better.} 9. d4 cxd4 10. cxd4 Qd7 11. O-O g6 12. Re1 Bg7 13. Ng5 Nxd4 14. Be3 Nc6 $146 ({Predecessor:} 14... e5 15. Bxd4 exd4 {½-½ (30) David,P (2385)-Cizek,A Karvina 1985}) 15. Bxb6 axb6 16. Nd2 Nd8 (16... e5 $19 {...d5 is the strong threat.} 17. Nc4 Qf5) 17. Nc4 {[#]} (17. Qb3 $17) 17... Ra6 $1 $19 18. Qb3 O-O 19. Rad1 Rf5 20. h4 h6 21. Ne4 Qb5 22. Qd3 Rd5 23. Qe2 Rxd1 24. Rxd1 d5 25. b3 Qe8 26. h5 dxe4 ({Don't play} 26... dxc4 27. Qxc4 Rxa2 28. hxg6 $19) 27. a4 gxh5 28. Qxe4 b5 29. axb5 Ra1 30. Rxa1 Bxa1 31. Qd3 Bg7 32. Na5 b6 33. Nc4 Nf7 34. Nxb6 Nd6 35. Qe2 e5 36. Nd5 Qxb5 37. Qd1 Nf5 38. Nc3 Qc6 39. Qd8+ Kf7 40. Qd3 Nd4 {[#] And now ...Qxc3! would win.} 41. Kh2 Nxb3 42. Ne4 Nd4 43. f3 Qc2 44. Qa3 Bf6 45. Kh3 Ne6 {Black mates.} 46. g3 Ng5+ 47. Nxg5+ hxg5 48. g4 hxg4+ 49. fxg4 e4 {Accuracy: White = 56%, Black = 91%.} 0-1

[Event "1st Archibald 2019"]
[Site "Sochi"]
[Date "2019.05.16"]
[Round "6.10"]
[White "Isanzhulov, Arystan"]
[Black "Oganian, Miran"]
[Result "0-1"]
[WhiteElo "2254"]
[BlackElo "2415"]
[Annotator "TA"]
[PlyCount "20"]
[EventDate "2019.05.12"]
[EventType "swiss"]
[EventCountry "RUS"]
[SourceTitle "playchess.com"]
[Source "ChessBase"]
[SourceQuality "1"]

{[%evp 12,100,30,12,26,17,20,-30,112,115,140,158,157,124,129,128,99,-33,-31,-33,-31,-43,0,0,0,0,0,-18,0,-47,-44,-96,-94,-90,-82,-53,-53,-70,-27,-27,-43,-99,-87,-84,-74,-73,-70,-70,-78,-128,-136,-139,-138,-128,-136,-226,-220,-227,-223,-298,-270,-294,-320,-310,-195,-207,-183,-439,-293,-345,-335,-326,-339,-328,-323,-297,-311,-353,-347,-491,-491,-575,-597,-610,-558,-575,-535,-626,-458,-1174,-954]} 1. e4 c5 2. Nf3 g6 3. d4 cxd4 4. Qxd4 Nf6 5. e5 Nc6 6. Qa4 Nd5 7. Qe4 Nb6 {B27: Sicilian: 2 Nf3, unusual Black 2nd moves} 8. Nc3 Bg7 9. Bg5 (9. Bf4 d5 10. exd6 Bf5 11. dxe7 Qd7 12. Qe3 Nb4 13. Rc1 Nxc2+ 14. Rxc2 Bxc2 15. Bb5 Bxc3+ 16. Qxc3 Qxb5 17. Qxh8+ Kxe7 {½-½ (22) Ortiz Suarez,I (2548)-Guseinov,G (2654) Barbera del Valles 2018}) 9... O-O {[#]} (9... d5 $11 10. exd6 Bxc3+ 11. bxc3 Qxd6) 10. O-O-O $1 $16 Qe8 {Played: Nc6xe5} 0-1

[Event "1st Archibald 2019"]
[Site "Sochi"]
[Date "2019.05.16"]
[Round "6.11"]
[White "Gochelashvili, David"]
[Black "Mikhailovsky, Vladimir"]
[Result "1-0"]
[WhiteElo "2392"]
[BlackElo "2180"]
[Annotator "TA"]
[PlyCount "109"]
[EventDate "2019.05.12"]
[EventType "swiss"]
[EventCountry "RUS"]
[SourceTitle "playchess.com"]
[Source "ChessBase"]
[SourceQuality "1"]

{[%evp 15,109,0,1,4,4,-46,-52,-57,-47,-59,-37,-43,-42,-43,-50,-91,-21,-33,6,0,-8,-79,-70,-116,-99,-193,-166,-142,-95,-106,-107,-131,-137,-113,-130,-158,-118,-233,-108,-172,-83,-91,58,63,73,68,131,132,143,129,422,522,422,522,470,427,414,397,392,374,378,368,427,385,469,465,464,446,827,827,827,826,793,790,783,764,1725,1618,5795,5724,12797,12797,29980,29973,29989,29990,29991,29992,29992,29993,29993,29994,29994,29985,29995,29986]} 1. Nf3 Nf6 2. g3 b5 3. Bg2 Bb7 4. O-O e6 5. d3 d5 6. Nbd2 Be7 7. e4 O-O 8. Qe2 c5 9. Re1 {A05: Réti Opening: 1 Nf3 Nf6} Nc6 10. e5 Nd7 $1 11. Nf1 {Black is slightly better.} a5 12. h4 b4 13. c4 Nb6 14. Bf4 $146 ({Predecessor:} 14. h5 dxc4 15. dxc4 Nd4 16. Nxd4 Bxg2 {0-1 (53) Ozen,B (2102)-Tiviakov,S (2611) Malatya 2015}) 14... a4 15. h5 Ba6 (15... h6 $17) 16. Ne3 $11 Nd4 17. Nxd4 cxd4 18. Ng4 (18. Nc2 $11 {keeps the balance.}) 18... dxc4 $17 19. h6 {Hoping for hxg7.} cxd3 20. Qd2 (20. Qd1 $17 {might work better.} g6 21. Nf6+ Bxf6 22. Bxa8 Qxa8 23. exf6) 20... g5 21. Bxa8 Nxa8 22. Nf6+ Bxf6 23. exf6 {Black must now prevent Bd6!} gxf4 24. Qxf4 {White threatens Qg5+ and mate.} Kh8 {aiming for ...Nb6.} 25. Rxe6 Bb7 $1 (25... fxe6 26. f7 Rxf7 27. Qxf7 Qg5 28. Qf8+ $1 {[%mdl 512]} Qg8 29. Qf6+ Qg7 30. Qxg7#) 26. Rd6 (26. Re7 $17 {was called for.} Qd5 27. f3 $1 {[%mdl 512]}) 26... Qe8 (26... Qc8 $1 $19 {[%cal Rc8h3] is more deadly.} 27. Rxd4 Qh3) 27. Rxd4 Qc6 (27... Rg8 $1 $19 {and Black stays clearly on top. Strongly threatening ...Qc6.} 28. Rxd3 Nc7 $1 {[%mdl 512]}) 28. f3 {Threatening mate with Qg5.} Nc7 ({Stronger than} 28... Qxf3 29. Qxf3 Bxf3 30. Rxd3 $16) ({Black should play} 28... Rg8 $1 $17 {Threatens to win with ...Nc7.} 29. Re1 Nc7 30. Rxd3 Qc5+ 31. Qd4 Qf5) 29. Qd6 $1 $40 {[%cal Rd6f8][%mdl 1152] White has compensation. Black needs to defend precisely.} Qe8 30. Rxd3 Ne6 (30... Nb5 $14 31. Qxb4 Rg8) 31. Re1 $16 {Rxe6! is the strong threat.} ({And not} 31. Qxb4 Rg8 $15) 31... Rg8 {[#]} 32. Kf2 $1 Qc8 $2 {[%mdl 8192] [#]} (32... Bc8 $16) 33. Rxe6 $1 $18 {[%mdl 512]} Qxe6 34. Qxe6 fxe6 {[%mdl 4096] Endgame KRB-KR} 35. Rd7 Bc6 36. Re7 Be8 {[#]} 37. f7 $1 {[%mdl 512]} Bxf7 38. Rxf7 {KR-KR} Rc8 39. Ke3 Kg8 40. Rg7+ Kh8 41. Ra7 a3 (41... Kg8 $142 42. Rxa4 b3 43. Rg4+ Kf7 44. Rg7+ Kf6) 42. bxa3 bxa3 43. Rxa3 Kg8 44. Ra7 Rc3+ 45. Ke4 Rc4+ 46. Ke5 Rc3 47. f4 Rxg3 48. Rg7+ Kh8 49. f5 {White mates.} Re3+ 50. Kf6 Rf3 51. Rd7 {[%cal Rd7d8]} Rxf5+ 52. Ke7 Rg5 53. Rd8+ Rg8 54. Rxg8+ Kxg8 55. Kxe6 {Accuracy: White = 62%, Black = 22%.} 1-0

[Event "1st Archibald 2019"]
[Site "Sochi"]
[Date "2019.05.16"]
[Round "6.12"]
[White "Korneev, Oleg"]
[Black "Yandarbiev, Ruslan"]
[Result "1-0"]
[WhiteElo "2530"]
[BlackElo "2279"]
[Annotator "TA"]
[PlyCount "67"]
[EventDate "2019.05.12"]
[EventType "swiss"]
[EventCountry "RUS"]
[SourceTitle "playchess.com"]
[Source "ChessBase"]
[SourceQuality "1"]

{[%evp 20,67,47,0,0,0,0,4,69,43,78,43,59,45,45,50,50,42,100,91,137,41,160,177,167,168,165,170,159,153,162,133,139,137,120,110,210,202,206,195,285,279,283,274,283,297,266,271,413,340]} 1. e4 c5 2. Nf3 d6 3. d4 Nf6 4. Nc3 cxd4 5. Nxd4 a6 6. Be3 Ng4 7. Bg5 h6 8. Bh4 g5 9. Bg3 Bg7 10. h3 Ne5 11. Nf5 Bxf5 $1 {B90: Sicilian Najdorf: Unusual White 6th moves, 6 Be3 Ng4 and 6 Be3 e5} 12. exf5 Nbc6 13. Nd5 Rc8 (13... e6 $11 14. Ne3 O-O) (13... e6 14. fxe6 fxe6 15. Ne3 Qa5+ 16. c3 Nf3+ 17. Qxf3 Bxc3+ 18. Kd1 Qa4+ 19. Nc2 Bxb2 {½-½ (60) Nakamura,H (2785)-Grischuk,A (2742) Sharjah 2017}) 14. c3 O-O 15. Be2 (15. h4 $5 {[%cal Rh4g5]}) 15... e6 16. Ne3 d5 17. fxe6 fxe6 18. O-O Ng6 $146 (18... d4 $14 19. cxd4 Nxd4) ({Predecessor:} 18... Qe7 19. Ng4 {1-0 (61) Simek,P (2302)-Vanek,T (2245) Czechia 2010}) 19. Bg4 $16 Qf6 {[#]} 20. Re1 ({White should play} 20. Nxd5 $1 $16 {[%mdl 512]} exd5 21. Qxd5+ Kh7 22. Bxc8 Rxc8 23. Qd7) 20... Nf4 {[#]} ({Better is} 20... Rce8 $14) 21. Bxf4 $1 ({Resist} 21. Nxd5 $6 exd5 22. Bxc8 Rxc8 $16) 21... gxf4 {[#]} 22. Nxd5 $1 {[%mdl 512]} exd5 23. Qxd5+ Kh8 24. Bxc8 Rxc8 25. Re6 Rd8 26. Qe4 Qf7 27. Re1 Rf8 {[#]} (27... Kg8 $16) 28. Rd1 $1 $18 {[%cal Be1d1,Bd1d6,Bd6d5][%mdl 32]} f3 29. Rdd6 Qh5 (29... Kg8 $142 30. gxf3 Qxf3 31. Qxf3 Rxf3) 30. Rd5 ({But not} 30. Rd7 Rg8 $18) 30... Qf7 {intending ...fxg2.} 31. g4 Qf4 32. Qxf4 Rxf4 33. Rd7 Ne5 {[#]} (33... Kh7 {was called for.} 34. Rc7 Rf8) 34. Rxb7 {Played: Rd7xg7} 1-0

[Event "1st Archibald 2019"]
[Site "Sochi"]
[Date "2019.05.16"]
[Round "6.13"]
[White "Azimov, Ilyas"]
[Black "Solozhenkin, Evgeniy"]
[Result "0-1"]
[WhiteElo "2223"]
[BlackElo "2441"]
[Annotator "TA"]
[PlyCount "52"]
[EventDate "2019.05.12"]
[EventType "swiss"]
[EventCountry "RUS"]
[SourceTitle "playchess.com"]
[Source "ChessBase"]
[SourceQuality "1"]

{[%evp 11,80,32,34,0,0,-11,0,-38,-20,-25,29,22,14,0,0,0,0,0,0,0,0,0,6,-7,0,-46,-42,-38,-37,-47,-43,-208,-205,-226,-238,-293,-293,-293,-293,-274,-281,-292,-287,-258,-262,-576,-570,-584,-546,-682,-617,-714,-707,-646,-621,-825,-755,-1152,-1040,-985,-875,-1395,-1331,-1556,-1570,-2289,-1964,-1699,-2236,-29981,-29981]} 1. e4 c6 2. d4 d5 3. e5 Bf5 4. Nf3 e6 5. Be2 c5 6. Be3 Qb6 7. c4 {B12: Caro-Kann: Advance Variation} (7. Nc3 Nc6 8. O-O Qxb2 9. Qe1 cxd4 10. Bxd4 Nxd4 11. Nxd4 Bb4 12. Ndb5 Ba5 13. Rb1 Qxc2 14. Rb3 Ne7 15. Nd6+ Kf8 16. Nxb7 Bb6 17. Nd6 Ba5 18. Nb7 Bb6 19. Nd6 Ba5 20. Nb7 {½-½ (20) Vachier Lagrave,M (2773)-Anand,V (2774) Karlsruhe/Baden Baden 2019}) 7... Qxb2 8. Nbd2 Ne7 $1 9. cxd5 $146 {The position is equal.} ({Predecessor:} 9. O-O Nbc6 10. Nb3 dxc4 11. Bxc4 Ng6 12. Bb5 a6 13. Bxc6+ bxc6 14. dxc5 Be7 {1-0 (59) Nijboer,F (2567)-Landa,K (2655) Hilversum 2010}) 9... Nxd5 10. Nc4 Qc2 (10... Qb4+ $142 11. Bd2 Nc3) 11. Qxc2 $11 Bxc2 12. Rc1 Ba4 13. dxc5 Nxe3 14. fxe3 Nd7 15. Nd6+ Bxd6 $1 16. cxd6 Bc6 17. Bd3 O-O 18. e4 a5 19. Ke2 a4 20. Ke3 Ra5 21. Kd4 $2 {[#]} (21. Kf4 $15) 21... Rd8 $1 $19 22. Kc3 Nxe5 {[%mdl 64] Discovered Attack} 23. Kb4 Nxd3+ 24. Kxa5 Nxc1 25. Rxc1 Rxd6 {[%mdl 4096] Endgame KRB-KRN} 26. Ne5 Be8 {Played: Rd6-d2} 0-1

[Event "1st Archibald 2019"]
[Site "Sochi"]
[Date "2019.05.16"]
[Round "6.14"]
[White "Bimiev, Ahmad"]
[Black "Solozhenkina, Elizaveta"]
[Result "1-0"]
[WhiteElo "2196"]
[BlackElo "2329"]
[Annotator "TA"]
[PlyCount "53"]
[EventDate "2019.05.12"]
[EventType "swiss"]
[EventCountry "RUS"]
[SourceTitle "playchess.com"]
[Source "ChessBase"]
[SourceQuality "1"]

{[%evp 17,91,11,9,-24,3,0,0,0,20,11,16,9,18,13,25,23,55,70,136,129,177,168,163,93,122,86,140,0,0,0,0,-41,0,0,0,-32,10,7,40,-6,28,0,0,0,58,0,0,0,0,0,40,33,34,0,0,0,0,-2,0,0,0,0,0,-34,41,0,35,0,0,0,748,754,779,707,711,622]} 1. f4 Nf6 2. Nf3 g6 3. g3 Bg7 4. Bg2 O-O 5. O-O c5 6. d3 Nc6 7. e4 d6 8. c3 Rb8 9. a4 a6 10. h3 {B20: Sicilian: Unusual White 2nd moves} (10. Re1 b5 11. axb5 axb5 12. h3 b4 13. Kh2 e5 14. fxe5 Nxe5 15. Nxe5 dxe5 16. Be3 bxc3 17. bxc3 Qc7 {1-0 (65) Amin,B (2654)-Al Sayed,M (2491) Abu Dhabi 2013}) 10... b5 11. axb5 axb5 12. Be3 {The position is equal.} Nd7 $146 ({Predecessor:} 12... c4 13. dxc4 bxc4 14. Nbd2 Rxb2 15. Nxc4 Rb8 16. e5 Ne4 17. Qe1 Be6 {0-1 (94) Rahul,S (2397)-Erigaisi,A (2505) Novi Sad 2018}) 13. d4 b4 14. Nbd2 Qb6 15. Kh2 Ba6 {Threatens to win with ...bxc3.} 16. Re1 Ra8 17. e5 bxc3 (17... Bb7 $14) 18. bxc3 $16 Bd3 19. Rxa8 Rxa8 {[#]} 20. dxc5 (20. Ng5 $1 $18) 20... dxc5 21. Nb3 Qb5 {[#]} ({Black should try} 21... Bf5) 22. Nxc5 (22. Nc1 $1 $16 {[%cal Rc1d3]} c4 23. Nxd3 cxd3 24. Qd2 (24. Nd4 Nxd4 25. Bxa8 Nc2 $11)) 22... Nxc5 $11 23. Bxc5 {Black must now prevent Nd4.} Ra2 24. Bb4 Rf2 {[%mdl 1024] Black has compensation.} 25. Kg1 $36 {[%mdl 2048] White has the initiative.} Ra2 26. Kh1 Rf2 27. Ba3 {Played: Bb4-c5} 1-0